000 00342nam a2200145Ia 4500
003 OSt
005 20240302125526.0
008 170524s9999 xx 000 0 und d
020 _a978-8189161514
040 _ciimtu meerut
100 _aSINGH B R
245 0 _aPublic Relation Association
260 _bNew Delhi : Adhiyaya
942 _2ddc
_c02
999 _c9474
_d9474